000 00352nam a2200133Ia 4500
008 211109s9999||||xx |||||||||||||| ||und||
082 _a891.24
_bKRI-V
100 _aKrishna Sharma, P A,
245 0 _aVedanthasaram
260 _bNATIONAL BOOKSTALL
_aKottayam
_c1998
630 _xGeneral Stack
650 _aSanskrit Literature
_xSanskrit
942 _cBOOK
999 _c1337
_d1337